| 000 | 00371nam a22001577a 4500 | ||
|---|---|---|---|
| 005 | 20160531105127.0 | ||
| 008 | 160531b xxu||||| |||| 00| 0 eng d | ||
| 020 | _a1-57851-141-5 | ||
| 041 | _aeng | ||
| 082 | _b6269 | ||
| 245 | _aHarvard Business Review on Brand Management | ||
| 260 | _bHaurud Uni. Press | ||
| 300 | _a191 | ||
| 650 |
_aManagement _9241 |
||
| 942 | _cBK | ||
| 999 |
_c2218 _d2217 |
||